000 00625nam a2200253Ia 4500
001 Z_4280
003 CHAP
008 220113s1976 xx 000 0 und d
010 _a167345
040 _cCHAP
082 _a574.87 J8y
100 _aJunqueira, L. C.
_9141517
245 _aBiología celular /
_cpor L. C. Junqueira y J. F. López-Sáez
260 _aMéxico, D. F. :
_bLa Prensa Médica Mexicana,
_c1976
300 _aviii, 289 p.
500 _aTraducción
650 _aCitología I. t.
_9137426
901 _a574.87 J8Y
902 _aM
910 _a1976
942 _c1
942 _cc1
999 _c167345
_d167345